Online
Catalog

Matemática hoy : (Record no. 12440)

MARC details
000 -CABECERA
campo de control de longitud fija 01658nam a2200313 a 4500
001 - NÚMERO DE CONTROL
campo de control 000012789
003 - IDENTIFICADOR DEL NÚMERO DE CONTROL
campo de control DO-SdBNP
005 - FECHA Y HORA DE LA ÚLTIMA TRANSACCIÓN
campo de control 20251106084539.0
008 - DATOS DE LONGITUD FIJA--INFORMACIÓN GENERAL
campo de control de longitud fija 091013s1989 dr a 000 0 spa d
040 ## - FUENTE DE LA CATALOGACIÓN
Centro catalogador/agencia de origen DO-SdBNP
Lengua de catalogación Spa
Centro/agencia transcriptor BNPHU
082 ## - NÚMERO DE LA CLASIFICACIÓN DECIMAL DEWEY
Número de clasificación xxx
Número de documento/Ítem xxxx
100 1# - ENTRADA PRINCIPAL--NOMBRE DE PERSONA
Nombre de persona Pelaez de Bautista, Adriana
9 (RLIN) 29593
245 10 - MENCIÓN DE TÍTULO
Título Matemática hoy :
Resto del título educación básica /
Mención de responsabilidad, etc. Adriana Pelaez de Bautista, Francisca Juana Lugo de De León, Noemí Rodríguez de Uffre.
250 ## - MENCIÓN DE EDICIÓN
Mención de edición 2a ed.
260 ## - PUBLICACIÓN, DISTRIBUCIÓN, ETC.
Lugar de publicación, distribución, etc. Santo Domingo :
Nombre del editor, distribuidor, etc. Plan Social Educativo
-- SAVICA,
Fecha de publicación, distribución, etc. 1989.
300 ## - DESCRIPCIÓN FÍSICA
Extensión 8 v. :
Otras características físicas il. ;
Dimensiones 28 cm.
500 ## - NOTA GENERAL
Nota general La biblioteca solamente posee el volumen 1.
500 ## - NOTA GENERAL
Nota general Educación básica
505 0# - NOTA DE CONTENIDO CON FORMATO
Información miscelánea v. 1 :
Título Apresto --
-- Los conjuntos y sus elementos --
-- El cardinal de un conjunto y su gráfica --
-- La sucesión de los cardinales hasta el diez --
-- Unión de conjuntos disjuntos --
-- Adición de cardinales menores que 100 --
-- Sustracción de cardinales menores que 100 --
-- Idea intuitiva de multiplicación --
-- Idea intuitiva de división --
-- Partes de la unidad: la mitad, la tercera y la cuarta parte --
-- Figuras geométricas --
-- Longitud, capacidad. Las mediciones --
-- Tiempo --
-- Monedas --
650 #4 - PUNTO DE ACCESO ADICIONAL DE MATERIA--TÉRMINO DE MATERIA
Término de materia o nombre geográfico como elemento de entrada Matemáticas
Subdivisión general Enseñanza
9 (RLIN) 26423
650 #0 - PUNTO DE ACCESO ADICIONAL DE MATERIA--TÉRMINO DE MATERIA
Término de materia o nombre geográfico como elemento de entrada Álgebra
Subdivisión general Enseñanza
9 (RLIN) 25976
650 #4 - PUNTO DE ACCESO ADICIONAL DE MATERIA--TÉRMINO DE MATERIA
Término de materia o nombre geográfico como elemento de entrada Álgebra
9 (RLIN) 25976
Subdivisión general Problemas, ejercicios, etc.
650 #4 - PUNTO DE ACCESO ADICIONAL DE MATERIA--TÉRMINO DE MATERIA
Término de materia o nombre geográfico como elemento de entrada Ecuaciones lineales
Subdivisión general Problemas, ejercicios, etc.
9 (RLIN) 26424
650 #4 - PUNTO DE ACCESO ADICIONAL DE MATERIA--TÉRMINO DE MATERIA
Término de materia o nombre geográfico como elemento de entrada Matemáticas
Subdivisión general Problemas, ejercicios, etc.
9 (RLIN) 19473
700 1# - PUNTO DE ACCESO ADICIONAL--NOMBRE DE PERSONA
Nombre de persona Lugo de De León, Fracisca Juana
9 (RLIN) 29594
700 1# - PUNTO DE ACCESO ADICIONAL--NOMBRE DE PERSONA
Nombre de persona Rodríguez de Uffre, Noemí
9 (RLIN) 29595
710 12 - PUNTO DE ACCESO ADICIONAL--NOMBRE DE ENTIDAD CORPORATIVA
Nombre de entidad corporativa o nombre de jurisdicción como elemento de entrada Instituto de Auxilios y Viviendas
9 (RLIN) 29596
942 ## - ELEMENTOS DE PUNTO DE ACCESO ADICIONAL (KOHA)
Fuente del sistema de clasificación o colocación Dewey Decimal Classification
Tipo de ítem Koha Libro
Holdings
Estado de retiro Estado de pérdida No para préstamo Código de colección Localización permanente Ubicación/localización actual Ubicación en estantería Fecha de adquisición Número de inventario Total de préstamos Signatura topográfica completa Código de barras Fecha visto por última vez Precio válido a partir de Tipo de ítem Koha
    Excluido de préstamo Patrimonio Dominicano Patrimonio Dominicano Patrimonio Dominicano Depósito 17.11.2009 LF1   xxx xxxx 12789-10 25.06.2020 25.06.2020 Libro y Folleto Colección Patrimonio Dominicano

Powered by Koha